| 000 | 00585nam a2200229Ia 4500 | ||
|---|---|---|---|
| 003 | OSt | ||
| 005 | 20220918200547.0 | ||
| 006 | a|||||r|||| 00| 0 | ||
| 007 | ta | ||
| 008 | 220917b |||||||| |||| 00| 0 eng d | ||
| 024 | _a89,329 | ||
| 037 | _cTextual | ||
| 040 |
_aARTS _cARTS _beng |
||
| 041 |
_2eng _aeng |
||
| 082 | _aU8wJ93, F3.1 | ||
| 100 |
_aOlafsson I J _994651 |
||
| 245 | 0 |
_aLife _b traveller to India tr by Bertha S Phillpotts |
|
| 260 | _c1923 | ||
| 650 | _aGEOGRAPHY | ||
| 942 |
_hU8wJ93, F3.1 _cTEXL _2CC |
||
| 999 |
_c212999 _d212999 |
||